000 00327nam a22001337a 4500
008 180302b xxu||||| |||| 00| 0 eng d
020 _a9780890420256
041 _aeng
080 _24th ed.
_a616.8
100 _a7
101 _aNEU
245 _aDiagnostic and Statistical Manual of Mental Disorders
_cAPAA
942 _2udc
_cBK
999 _c44083
_d44083